Dejiny kresťanskej cirkvi pre vyššie triedy stredných škôl a pre učiteľské ústavy diel 2

Podrobná bibliografia
Hlavný autor: Neckár, Ľudovít, 1892-1958 (Autor)
Médium: Kniha
Jazyk:slovenčina
Fyzický popis:67 s. 21 cm
Vydavateľské údaje: Liptovský Sv. Mikuláš Tranoscius 1933
Predmet:

MARC

LEADER 00000cam a2200000 a 4500
001 vtls001317918
003 SK-MaSNL
005 20260301235432.0
008 260107s1933 xo 000 0 slo
015 |a SNBA1933 
035 |a SNK000270448 
035 |a urn:nbn:sk:snk-am3ipfa 
035 |a CB61C5F9-482B-4399-8EC1-68A2C9A07B64 
035 |a urn:nbn:sk:snk-am00cvq5 
035 |a urn:nbn:sk:snk-amk656 
035 |a urn:nbn:sk:snk-am004ogm 
035 |a E23218B7-8233-4691-A62B-E6BECBF0A9A5 
040 |a SNK  |b slo  |c SNK  |e AACR2 
041 0 |a slo 
044 |a xo  |c SK 
080 |a 26/28(091)(075.3)  |2 1981 
080 |a 26/28(091)(075.8)  |2 1981 
100 1 |a Neckár, Ľudovít,  |d 1892-1958  |4 aut  |9 48184 
245 1 0 |a Dejiny kresťanskej cirkvi  |b pre vyššie triedy stredných škôl a pre učiteľské ústavy  |n diel 2  |c napísal Ľudovít Neckár 
260 |a Liptovský Sv. Mikuláš  |b Tranoscius  |c 1933  |e Lipt. Sv. Mikuláš  |f Bratia Rázusovci, predtým F. Klimeš 
300 |a 67 s.  |c 21 cm 
610 2 7 |a Evanjelická cirkev a.v.  |2 SNKKA  |9 32425 
650 0 7 |a cirkev  |2 SNKPH  |9 1922 
650 0 7 |a cirkevné dejiny  |2 SNKPH  |9 3909 
655 7 |a učebnice stredných škôl  |2 SNKPH  |9 69323 
852 |a Slovenská národná knižnica 
954 |a odborná, vedecká literatúra pôvodná (slovenská)  |2 lita 
958 |a EUIPO 
958 |a OND 
999 |c 975014  |d 976944 
952 |a SNK  |b SNK  |y PREZ  |7 0  |p 17A0057938  |o snkSC 2145/2  |i snk696/37  |0 0  |1 0  |4 0  |d 2018-05-24  |f 1  |l 0  |r 2025-06-11 00:00:00  |w 2026-02-24